Giáo trình ngôn ngữ lập trình C : Sách dùng cho các nhà trường đào tạo hệ Trung học chuyên nghiệp

Giới thiệu tổng quan về ngôn ngữ lập trình C, các khái niệm biểu thức, tổ chức chương trình về mặt dữ liệu, hàm và tổ chức chương trình về mặt cấu trúc, tệp và các thao tác vào ra các bài tập tổng hợp...

Descrición completa

Gardado en:
Detalles Bibliográficos
Autor Principal: Tiêu, Kim Cương
Formato: Libro
Idioma:Undetermined
Publicado: Hà Nội Giáo dục Việt Nam 2009
Những chủ đề:
Các nhãn: Engadir etiqueta
Sen Etiquetas, Sexa o primeiro en etiquetar este rexistro!
Thư viện lưu trữ: Trung tâm Học liệu Trường Đại học Cần Thơ
LEADER 01167nam a2200217Ia 4500
001 CTU_176914
008 210402s9999 xx 000 0 und d
020 |c 23500 
082 |a 005.133 
082 |b C561 
100 |a Tiêu, Kim Cương 
245 0 |a Giáo trình ngôn ngữ lập trình C : 
245 0 |b Sách dùng cho các nhà trường đào tạo hệ Trung học chuyên nghiệp 
245 0 |c Tiêu Kim Cương 
260 |a Hà Nội 
260 |b Giáo dục Việt Nam 
260 |c 2009 
520 |a Giới thiệu tổng quan về ngôn ngữ lập trình C, các khái niệm biểu thức, tổ chức chương trình về mặt dữ liệu, hàm và tổ chức chương trình về mặt cấu trúc, tệp và các thao tác vào ra các bài tập tổng hợp 
650 |a Electronic data processing,Programming languages ( electronic Ccmputers ),Xử lý dữ liệu điện tử,Ngôn ngữ lập trình (Máy tính điện tử) 
904 |i Hải 
980 |a Trung tâm Học liệu Trường Đại học Cần Thơ